000 00739nam a22002057a 4500
003 OSt
005 20250901035823.0
008 250901b |||||||| |||| 00| 0 eng d
020 _a978-621-04-0103-5
040 _aDWc-Main Lib
_cOC
082 _aFil. 371.102 S372 2019
100 _aPawilen, Greg Tabios
245 _aThe school and the community, school culture, and organizational leadership/
_cGreg Tabios Pawilen [and three others]
260 _aSampaloc City, Philippines :
_bRex Bookstore,
_cc2019.
300 _avi, 99 pages :
_billustrations ;
_c26cm.
504 _aincludes bibliographical reference and index.
650 _a1. School environment.
650 _a2. Educational leadership.
942 _2ddc
_cBK - FIL
_kFil.
_n0
999 _c4422
_d4422